[Event "Langley op"]
[Site "Langley CAN"]
[Date "2017.09.03"]
[Round "3.2"]
[White "Landingin, Jofrei"]
[Black "Doknjas, Joshua"]
[Result "0-1"]
[WhiteElo "1816"]
[BlackElo "2234"]
[WhiteFideId "-1"]
[WhiteFideId "-1"]
[PlyCount "80"]
[GameId "2160767908347085"]
[EventDate "2017.09.02"]
[EventType "swiss"]
[EventRounds "6"]
[EventCountry "CAN"]
[SourceTitle "EXT 2022"]
[Source "ChessBase"]
[SourceDate "2021.10.06"]
[SourceVersion "1"]
[SourceVersionDate "2021.10.06"]
[SourceQuality "1"]

1. Nf3 c5 2. c4 Nc6 3. g3 g6 4. Bg2 Bg7 5. Nc3 e5 6. e4 d6 7. h3 Nge7 8. d3 O-O 9. O-O f5 10. Bg5 h6 11. Bxe7 Qxe7 12. Nh4 Kh7 13. Nd5 Qf7 14. Qd2 f4 15. Kh2 Be6 16. Rae1 h5 17. Nf3 Bh6 18. Qd1 g5 19. gxf4 exf4 20. Ng1 Qg7 21. Qxh5 Ne5 22. Qe2 g4 23. f3 gxh3 24. Bxh3 Bxh3 25. Nxh3 Qg3+ 26. Kh1 Qxh3+ 27. Qh2 Qxh2+ 28. Kxh2 Rf7 29. Rd1 Rg8 30. b4 Rg3 31. bxc5 dxc5 32. Rb1 Nxf3+ 33. Rxf3 Rxf3 34. e5 Rf2+ 35. Kg1 Re2 36. Nf6+ Kg6 37. Ne4 f3 38. Kf1 Be3 39. e6 Rh7 40. Ng3 Rg2 0-1

[Event "Langley op"]
[Site "Langley CAN"]
[Date "2017.09.03"]
[Round "3.3"]
[White "Zhu, Brandon"]
[Black "Wu, Lucian"]
[Result "0-1"]
[WhiteElo "2173"]
[BlackElo "1774"]
[WhiteFideId "-1"]
[WhiteFideId "-1"]
[PlyCount "60"]
[GameId "2160767908347086"]
[EventDate "2017.09.02"]
[EventType "swiss"]
[EventRounds "6"]
[EventCountry "CAN"]
[SourceTitle "EXT 2022"]
[Source "ChessBase"]
[SourceDate "2021.10.06"]
[SourceVersion "1"]
[SourceVersionDate "2021.10.06"]
[SourceQuality "1"]

1. d4 Nf6 2. Nf3 g6 3. c4 Bg7 4. Nc3 O-O 5. e3 d6 6. Be2 Bf5 7. Qb3 Qc8 8. h3 Na6 9. g4 Bd7 10. Bd2 Bc6 11. d5 Nc5 12. Qc2 Be8 13. b4 Na6 14. Rb1 c6 15. g5 Nd7 16. Nd4 c5 17. bxc5 Naxc5 18. h4 e5 19. dxe6 fxe6 20. Ncb5 d5 21. cxd5 exd5 22. Bf3 Ne5 23. Bxd5+ Kh8 24. Bc4 Bc6 25. Rf1 Be4 26. Qd1 Nxc4 27. Ra1 Nd3+ 28. Ke2 Qg4+ 29. f3 Qg2+ 30. Rf2 Qxf2# 0-1

[Event "Langley op"]
[Site "Langley CAN"]
[Date "2017.09.03"]
[Round "3.4"]
[White "Doknjas, Neil"]
[Black "McLaren, Brian"]
[Result "1-0"]
[WhiteElo "1900"]
[BlackElo "2165"]
[WhiteFideId "-1"]
[WhiteFideId "-1"]
[PlyCount "135"]
[GameId "2160767908347087"]
[EventDate "2017.09.02"]
[EventType "swiss"]
[EventRounds "6"]
[EventCountry "CAN"]
[SourceTitle "EXT 2022"]
[Source "ChessBase"]
[SourceDate "2021.10.06"]
[SourceVersion "1"]
[SourceVersionDate "2021.10.06"]
[SourceQuality "1"]

1. e4 Nf6 2. e5 Nd5 3. d4 d6 4. c4 Nb6 5. exd6 exd6 6. Nc3 Be7 7. Bd3 O-O 8. Nge2 Bg4 9. O-O d5 10. c5 Nc8 11. Qb3 Bxe2 12. Bxe2 b6 13. Qxd5 c6 14. Qxd8 Rxd8 15. Be3 Bf6 16. Rad1 Ne7 17. Ne4 Nd7 18. Bc4 bxc5 19. Nxf6+ Nxf6 20. dxc5 Nfd5 21. Bg5 h6 22. Bxd5 hxg5 23. Bc4 Kf8 24. b4 Nf5 25. a4 Nd4 26. b5 Rab8 27. Rb1 cxb5 28. axb5 Rdc8 29. c6 Nc2 30. Bd3 Nd4 31. Rfd1 Rc7 32. Bc4 Ne6 33. Kf1 Ke7 34. Rb3 Rh8 35. Rbd3 Rhc8 36. Rd7+ Kf6 37. Bxe6 fxe6 38. Ra1 Rxd7 39. cxd7 Rb8 40. Rxa7 Ke7 41. d8=Q+ Kxd8 42. Rxg7 Rxb5 43. Ke2 Ke8 44. Kf3 Kf8 45. Rh7 Rf5+ 46. Kg3 Kg8 47. Re7 Re5 48. f4 gxf4+ 49. Kxf4 Re2 50. Kf3 Re1 51. h4 Kf8 52. Ra7 Rh1 53. g3 Rg1 54. g4 Kg8 55. Re7 Re1 56. g5 Kf8 57. Ra7 Rg1 58. Kf4 Rg2 59. h5 Rg1 60. h6 Rh1 61. Ke5 Kg8 62. Kxe6 Rb1 63. Rd7 Kh8 64. g6 Re1+ 65. Kf7 Rf1+ 66. Ke7 Re1+ 67. Kf8 Rf1+ 68. Rf7 1-0

[Event "Langley op"]
[Site "Langley CAN"]
[Date "2017.09.03"]
[Round "3.5"]
[White "Taylor, Tristan"]
[Black "Soliven, Joe"]
[Result "0-1"]
[WhiteElo "1416"]
[BlackElo "1902"]
[WhiteFideId "-1"]
[WhiteFideId "-1"]
[PlyCount "68"]
[GameId "2160767908347088"]
[EventDate "2017.09.02"]
[EventType "swiss"]
[EventRounds "6"]
[EventCountry "CAN"]
[SourceTitle "EXT 2022"]
[Source "ChessBase"]
[SourceDate "2021.10.06"]
[SourceVersion "1"]
[SourceVersionDate "2021.10.06"]
[SourceQuality "1"]

1. e4 e6 2. d3 d5 3. Nd2 c5 4. Ngf3 Nc6 5. g3 Bd6 6. Bg2 Nge7 7. O-O d4 8. Nc4 e5 9. Ne1 h5 10. f4 h4 11. Nxd6+ Qxd6 12. fxe5 Nxe5 13. Bf4 N7g6 14. Qd2 hxg3 15. Bxg3 Qe7 16. Nf3 f6 17. Nxe5 fxe5 18. Rae1 Be6 19. Rf5 O-O-O 20. Qa5 b6 21. Qa4 Qc7 22. Rg5 Rh6 23. Rf1 Rdh8 24. Rc1 Nf4 25. Bxf4 exf4 26. e5 Rxh2 27. Rf1 Bd7 28. Qa6+ Kb8 29. Rxg7 Rxg2+ 30. Rxg2 Bc6 31. Rg5 Qh7 32. Kf2 Qh4+ 33. Ke2 Qxg5 34. Qc4 Qg2+ 0-1

[Event "Langley op"]
[Site "Langley CAN"]
[Date "2017.09.03"]
[Round "3.6"]
[White "Richardson, Kai"]
[Black "Gu, Chuyang"]
[Result "1-0"]
[WhiteElo "2099"]
[BlackElo "1735"]
[WhiteFideId "-1"]
[WhiteFideId "-1"]
[PlyCount "59"]
[GameId "2160767908347089"]
[EventDate "2017.09.02"]
[EventType "swiss"]
[EventRounds "6"]
[EventCountry "CAN"]
[SourceTitle "EXT 2022"]
[Source "ChessBase"]
[SourceDate "2021.10.06"]
[SourceVersion "1"]
[SourceVersionDate "2021.10.06"]
[SourceQuality "1"]

1. Nf3 Nf6 2. d4 d5 3. c4 e6 4. Nc3 Bb4 5. e3 O-O 6. Bd3 dxc4 7. Bxc4 c5 8. O-O cxd4 9. exd4 Nbd7 10. Bg5 Qa5 11. Bd2 a6 12. a3 Bxc3 13. Bxc3 Qc7 14. Bd3 b5 15. Rc1 Qb6 16. Bb4 Re8 17. Qd2 Bb7 18. Kh1 Rac8 19. Ne5 Bd5 20. Qf4 Qb7 21. f3 h6 22. Bd2 Nb6 23. Qh4 Bc4 24. Bxh6 Bxd3 25. Nxd3 Nc4 26. Bxg7 Kxg7 27. Qg5+ Kf8 28. Qxf6 Qd5 29. b3 Ne3 30. Ne5 1-0

[Event "Langley op"]
[Site "Langley CAN"]
[Date "2017.09.03"]
[Round "3.7"]
[White "Angelvette, Duane"]
[Black "Williamson, Jason"]
[Result "0-1"]
[WhiteElo "1543"]
[BlackElo "1912"]
[WhiteFideId "-1"]
[WhiteFideId "-1"]
[PlyCount "52"]
[GameId "2160767908347090"]
[EventDate "2017.09.02"]
[EventType "swiss"]
[EventRounds "6"]
[EventCountry "CAN"]
[SourceTitle "EXT 2022"]
[Source "ChessBase"]
[SourceDate "2021.10.06"]
[SourceVersion "1"]
[SourceVersionDate "2021.10.06"]
[SourceQuality "1"]

1. d4 Nf6 2. Nc3 e6 3. e4 Bb4 4. e5 Ne4 5. Qg4 Nxc3 6. a3 Nd5+ 7. axb4 Qe7 8. c3 O-O 9. Bd3 f6 10. Nf3 fxe5 11. h4 Nf6 12. Qg3 e4 13. Bg5 exd3 14. h5 d6 15. h6 g6 16. Rh4 Nbd7 17. Rf4 Qe8 18. Qh4 e5 19. dxe5 Nxe5 20. Nxe5 Qxe5+ 21. Kf1 Qe2+ 22. Kg1 d2 23. Rd4 Qe1+ 24. Kh2 Ng4+ 25. Rxg4 Bxg4 26. Qxg4 Qxa1 0-1

[Event "Langley op"]
[Site "Langley CAN"]
[Date "2017.09.03"]
[Round "3.8"]
[White "Lehingrat, Callum"]
[Black "Taylor, Ashton"]
[Result "1-0"]
[WhiteElo "1841"]
[BlackElo "1112"]
[WhiteFideId "-1"]
[WhiteFideId "-1"]
[PlyCount "47"]
[GameId "2160767908347091"]
[EventDate "2017.09.02"]
[EventType "swiss"]
[EventRounds "6"]
[EventCountry "CAN"]
[SourceTitle "EXT 2022"]
[Source "ChessBase"]
[SourceDate "2021.10.06"]
[SourceVersion "1"]
[SourceVersionDate "2021.10.06"]
[SourceQuality "1"]

1. d4 Nf6 2. c4 g6 3. Nc3 d5 4. cxd5 Nxd5 5. e4 Nxc3 6. bxc3 Bg7 7. Bc4 c5 8. Ne2 Nc6 9. Be3 Qa5 10. O-O O-O 11. Rb1 a6 12. Qc1 Rb8 13. Rd1 cxd4 14. cxd4 b5 15. Bd5 Nd8 16. Bf4 e5 17. dxe5 Ne6 18. Bd2 Qb6 19. Bb4 Rd8 20. Bd6 Rxd6 21. exd6 Qxd6 22. Bxe6 Qxe6 23. Rd8+ Bf8 24. Qc5 1-0

[Event "Langley op"]
[Site "Langley CAN"]
[Date "2017.09.03"]
[Round "3.9"]
[White "Bremner, William"]
[Black "Wang, Kai"]
[Result "1-0"]
[WhiteElo "1416"]
[BlackElo "1743"]
[WhiteFideId "-1"]
[WhiteFideId "-1"]
[PlyCount "83"]
[GameId "2160767908347092"]
[EventDate "2017.09.02"]
[EventType "swiss"]
[EventRounds "6"]
[EventCountry "CAN"]
[SourceTitle "EXT 2022"]
[Source "ChessBase"]
[SourceDate "2021.10.06"]
[SourceVersion "1"]
[SourceVersionDate "2021.10.06"]
[SourceQuality "1"]

1. d4 Nf6 2. c4 c5 3. d5 e6 4. Nc3 exd5 5. cxd5 d6 6. e4 g6 7. f4 Bg7 8. Bb5+ Nfd7 9. a4 O-O 10. Nf3 a6 11. Bd3 Nf6 12. O-O Bg4 13. h3 Bxf3 14. Qxf3 Nbd7 15. Re1 Re8 16. Be3 Rc8 17. Bf2 Qb6 18. Rab1 Qb3 19. Qe2 Nb6 20. Bc2 Qb4 21. Qf3 Nbd7 22. Bg3 Nh5 23. Bh2 f5 24. g4 fxg4 25. hxg4 Nhf6 26. e5 dxe5 27. fxe5 Nxg4 28. e6 Nde5 29. Bxe5 Bxe5 30. Re4 Bd4+ 31. Kg2 Ne3+ 32. Rxe3 Bxe3 33. Qxe3 Qg4+ 34. Qg3 Qxg3+ 35. Kxg3 Kg7 36. Rf1 Rf8 37. Rxf8 Kxf8 38. Kf4 Ke7 39. Ke5 Rf8 40. d6+ Ke8 41. a5 Rf2 42. Ba4+ 1-0

[Event "Langley op"]
[Site "Langley CAN"]
[Date "2017.09.03"]
[Round "3.10"]
[White "Clarkson, Paul"]
[Black "Hemstapat, Andrew"]
[Result "0-1"]
[WhiteElo "1324"]
[BlackElo "2069"]
[WhiteFideId "-1"]
[WhiteFideId "-1"]
[PlyCount "68"]
[GameId "2160767908347093"]
[EventDate "2017.09.02"]
[EventType "swiss"]
[EventRounds "6"]
[EventCountry "CAN"]
[SourceTitle "EXT 2022"]
[Source "ChessBase"]
[SourceDate "2021.10.06"]
[SourceVersion "1"]
[SourceVersionDate "2021.10.06"]
[SourceQuality "1"]

1. e4 e6 2. d4 d5 3. exd5 exd5 4. Nf3 Bd6 5. Bd3 Ne7 6. c3 Bf5 7. O-O O-O 8. Re1 Nbc6 9. Bxf5 Nxf5 10. Qd3 Qf6 11. Nbd2 Rfe8 12. Rxe8+ Rxe8 13. Nf1 Qg6 14. Ne3 Re4 15. Nxf5 Qxf5 16. Be3 Ne7 17. Qb5 h6 18. Qxb7 Rg4 19. h3 Qxf3 20. hxg4 Qxg4 21. g3 Bxg3 22. Qb5 Bd6+ 23. Kf1 Qf3 24. Ke1 g6 25. Kd2 Nf5 26. Rf1 h5 27. Qe2 Qe4 28. Bg5 Bf4+ 29. Bxf4 Qxf4+ 30. Kd3 Nd6 31. Qe7 c6 32. Qe5 Qf3+ 33. Qe3 Qf5+ 34. Kd2 Nc4+ 0-1

[Event "Langley op"]
[Site "Langley CAN"]
[Date "2017.09.03"]
[Round "4.1"]
[White "Soliven, Joe"]
[Black "Doknjas, John"]
[Result "1/2-1/2"]
[WhiteElo "1902"]
[BlackElo "2270"]
[WhiteFideId "-1"]
[WhiteFideId "-1"]
[PlyCount "120"]
[GameId "2160767908347094"]
[EventDate "2017.09.02"]
[EventType "swiss"]
[EventRounds "6"]
[EventCountry "CAN"]
[SourceTitle "EXT 2022"]
[Source "ChessBase"]
[SourceDate "2021.10.06"]
[SourceVersion "1"]
[SourceVersionDate "2021.10.06"]
[SourceQuality "1"]

1. Nf3 c5 2. b3 Nf6 3. Bb2 d5 4. d3 Nc6 5. Nbd2 d4 6. g3 e5 7. Bg2 Be7 8. Nc4 Nd7 9. e4 b5 10. Ncd2 Nb6 11. O-O Be6 12. Qe2 O-O 13. Ne1 c4 14. Ndf3 cxb3 15. cxb3 a5 16. Nd2 a4 17. f4 f6 18. Nef3 Qd7 19. Nh4 Rfc8 20. Nf5 Bf8 21. Nf3 exf4 22. Kh1 Bxf5 23. exf5 a3 24. Bc1 fxg3 25. Nh4 Re8 26. Qh5 Nd5 27. Qf3 Rad8 28. Bd2 gxh2 29. Rae1 Ne5 30. Qh3 Ne3 31. Bxe3 dxe3 32. Rxe3 Nxd3 33. Rxe8 Rxe8 34. Qxh2 Qd4 35. Bc6 Bd6 36. Nf3 Qc5 37. Qd2 Qxf5 38. Nh2 Qh3 39. Bxe8 Bxh2 40. Qg2 Qxg2+ 41. Kxg2 Be5 42. Bxb5 Nb4 43. Rf2 Bb2 44. Rd2 Nxa2 45. Bc4+ Kf8 46. b4 Nxb4 47. Rd7 g5 48. Kf3 a2 49. Bxa2 Nxa2 50. Rd2 Be5 51. Rxa2 Kf7 52. Ke4 Kg6 53. Ra8 Kh5 54. Kf5 Kh4 55. Ra4+ Bf4 56. Ra1 Kg3 57. Rh1 Be5 58. Rxh7 Kf3 59. Rg7 Bd4 60. Rg8 Be5 1/2-1/2

[Event "Langley op"]
[Site "Langley CAN"]
[Date "2017.09.03"]
[Round "4.2"]
[White "Doknjas, Joshua"]
[Black "Doknjas, Neil"]
[Result "1-0"]
[WhiteElo "2234"]
[BlackElo "1900"]
[WhiteFideId "-1"]
[WhiteFideId "-1"]
[PlyCount "83"]
[GameId "2160767908347095"]
[EventDate "2017.09.02"]
[EventType "swiss"]
[EventRounds "6"]
[EventCountry "CAN"]
[SourceTitle "EXT 2022"]
[Source "ChessBase"]
[SourceDate "2021.10.06"]
[SourceVersion "1"]
[SourceVersionDate "2021.10.06"]
[SourceQuality "1"]

1. e4 c5 2. Nf3 d6 3. d4 cxd4 4. Nxd4 Nf6 5. Nc3 a6 6. h3 e5 7. Nde2 h5 8. g3 Be7 9. a4 b6 10. Bg2 Bb7 11. Bg5 Nbd7 12. O-O Nc5 13. Bxf6 Bxf6 14. Nd5 h4 15. Nec3 Ne6 16. Nxf6+ gxf6 17. Nd5 Ng5 18. f4 exf4 19. gxf4 Ne6 20. b4 Rc8 21. Kh1 Rc4 22. Qd3 Rd4 23. Qc3 Rg8 24. f5 Rxg2 25. Kxg2 Rxe4 26. Rad1 Re5 27. Kg1 Ng5 28. Qb3 Ne4 29. c4 Kd7 30. Kh2 Ng3 31. Rf2 Nxf5 32. c5 bxc5 33. bxc5 Bxd5 34. Rxd5 Rxd5 35. Qxd5 Ne7 36. Qxd6+ Ke8 37. Qxd8+ Kxd8 38. Rxf6 a5 39. Rxf7 Ke8 40. Rf4 Ng6 41. Rg4 Kf7 42. Rxg6 1-0

[Event "Langley op"]
[Site "Langley CAN"]
[Date "2017.09.03"]
[Round "4.3"]
[White "Wu, Lucian"]
[Black "Lehingrat, Callum"]
[Result "1/2-1/2"]
[WhiteElo "1774"]
[BlackElo "1841"]
[WhiteFideId "-1"]
[WhiteFideId "-1"]
[PlyCount "59"]
[GameId "2160767908347096"]
[EventDate "2017.09.02"]
[EventType "swiss"]
[EventRounds "6"]
[EventCountry "CAN"]
[SourceTitle "EXT 2022"]
[Source "ChessBase"]
[SourceDate "2021.10.06"]
[SourceVersion "1"]
[SourceVersionDate "2021.10.06"]
[SourceQuality "1"]

1. d4 Nf6 2. c4 c5 3. d5 e6 4. Nc3 exd5 5. cxd5 d6 6. e4 g6 7. Nf3 Bg7 8. Bd3 a6 9. a4 Bg4 10. O-O Bxf3 11. Qxf3 Nbd7 12. Bf4 Qc7 13. Rfe1 O-O 14. h3 Rfe8 15. Bh2 Ne5 16. Qe3 Nxd3 17. Qxd3 Nd7 18. Nd1 Rab8 19. a5 Ne5 20. Qc2 b5 21. axb6 Rxb6 22. Ne3 Rxb2 23. Qa4 Reb8 24. Qxa6 R2b6 25. Qa3 Rb4 26. Nc2 Rb3 27. Qa7 R3b7 28. Qa6 Rb6 29. Qa7 R6b7 30. Qa6 1/2-1/2

[Event "Langley op"]
[Site "Langley CAN"]
[Date "2017.09.03"]
[Round "4.4"]
[White "Williamson, Jason"]
[Black "Richardson, Kai"]
[Result "0-1"]
[WhiteElo "1912"]
[BlackElo "2099"]
[WhiteFideId "-1"]
[WhiteFideId "-1"]
[PlyCount "74"]
[GameId "2160767908347097"]
[EventDate "2017.09.02"]
[EventType "swiss"]
[EventRounds "6"]
[EventCountry "CAN"]
[SourceTitle "EXT 2022"]
[Source "ChessBase"]
[SourceDate "2021.10.06"]
[SourceVersion "1"]
[SourceVersionDate "2021.10.06"]
[SourceQuality "1"]

1. e4 e5 2. Nf3 Nc6 3. Bb5 a6 4. Ba4 Nf6 5. O-O b5 6. Bb3 Be7 7. Re1 O-O 8. c3 d6 9. h3 Na5 10. Bc2 c5 11. d4 Qc7 12. d5 Bd7 13. Nbd2 Rfc8 14. b3 Nb7 15. c4 Rcb8 16. Nf1 b4 17. Ne3 a5 18. Bb2 g6 19. Nh2 Qc8 20. Nhg4 Kg7 21. Nxe5 dxe5 22. Bxe5 Ra6 23. Bxb8 Qxb8 24. e5 Nh5 25. Qf3 Kg8 26. d6 Nxd6 27. exd6 Bxd6 28. Nd5 Be5 29. Rad1 Re6 30. g4 Nf6 31. Nxf6+ Rxf6 32. Qd5 Bh2+ 33. Kf1 Kg7 34. Qxd7 Qg3 35. Bf5 Qxh3+ 36. Ke2 gxf5 37. Rd5 Re6+ 0-1

[Event "Langley op"]
[Site "Langley CAN"]
[Date "2017.09.03"]
[Round "4.5"]
[White "Zhu, Brandon"]
[Black "Bremner, William"]
[Result "1-0"]
[WhiteElo "2173"]
[BlackElo "1416"]
[WhiteFideId "-1"]
[WhiteFideId "-1"]
[PlyCount "125"]
[GameId "2160767908347098"]
[EventDate "2017.09.02"]
[EventType "swiss"]
[EventRounds "6"]
[EventCountry "CAN"]
[SourceTitle "EXT 2022"]
[Source "ChessBase"]
[SourceDate "2021.10.06"]
[SourceVersion "1"]
[SourceVersionDate "2021.10.06"]
[SourceQuality "1"]

1. d4 d5 2. Nf3 Nf6 3. c4 c6 4. e3 a6 5. b3 e6 6. Bd3 Bb4+ 7. Nbd2 O-O 8. Bb2 Nbd7 9. O-O Bd6 10. Rc1 Re8 11. Ne5 Qc7 12. f4 Nf8 13. e4 dxe4 14. Nxe4 Nxe4 15. Bxe4 Ng6 16. c5 Bf8 17. Qh5 Qd8 18. Rf3 f5 19. Bd3 Nxe5 20. fxe5 g6 21. Rg3 Bg7 22. Qe2 a5 23. a3 Bf8 24. Rf1 Re7 25. h4 Bd7 26. h5 Be8 27. Bc4 Kh8 28. hxg6 Bxg6 29. Kf2 Kg7 30. Ke1 Kf7 31. Rgf3 Ke8 32. g4 Bg7 33. gxf5 Bxf5 34. Rf4 Bg6 35. Bd3 Bxd3 36. Qxd3 h6 37. Qg6+ Kd7 38. Rf7 Qg8 39. Bc1 Rae8 40. Bd2 Ra8 41. Kd1 a4 42. b4 Rae8 43. Kc1 Qh8 44. b5 Qg8 45. bxc6+ bxc6 46. Ba5 Qh8 47. d5 cxd5 48. c6+ Kxc6 49. Qb1 Rb8 50. Qc2+ Kb5 51. Rxe7 Bxe5 52. Bc7 Rc8 53. Qb1+ Kc4 54. Qb4+ Kd3 55. Rd1+ Ke2 56. Qe1+ Kf3 57. Rf7+ Kg4 58. Qb4+ Kh5 59. Rh1+ Kg6 60. Rhf1 Rxc7+ 61. Rxc7 Bxc7 62. Qg4+ Kh7 63. Rf7+ 1-0

[Event "Langley op"]
[Site "Langley CAN"]
[Date "2017.09.03"]
[Round "4.6"]
[White "McLaren, Brian"]
[Black "Taylor, Tristan"]
[Result "1-0"]
[WhiteElo "2165"]
[BlackElo "1416"]
[WhiteFideId "-1"]
[WhiteFideId "-1"]
[PlyCount "57"]
[GameId "2160767908347099"]
[EventDate "2017.09.02"]
[EventType "swiss"]
[EventRounds "6"]
[EventCountry "CAN"]
[SourceTitle "EXT 2022"]
[Source "ChessBase"]
[SourceDate "2021.10.06"]
[SourceVersion "1"]
[SourceVersionDate "2021.10.06"]
[SourceQuality "1"]

1. e4 e5 2. Bc4 Bc5 3. d4 Bxd4 4. Nf3 Nc6 5. Nxd4 exd4 6. O-O d6 7. Re1 Qf6 8. c3 Nge7 9. cxd4 Qxd4 10. Qc2 O-O 11. Be3 Qf6 12. Nc3 Ne5 13. Be2 c6 14. Qd2 Ng4 15. Bxg4 Bxg4 16. h3 Bh5 17. f4 Bg6 18. f5 Nxf5 19. exf5 Bxf5 20. Bd4 Qg6 21. Re3 f6 22. Rae1 Rfe8 23. Qf2 Bd7 24. Ne4 Rxe4 25. Rxe4 Bxh3 26. R1e3 Bd7 27. Re7 Qg4 28. Rg3 Qd1+ 29. Re1 1-0

[Event "Langley op"]
[Site "Langley CAN"]
[Date "2017.09.03"]
[Round "4.7"]
[White "Hemstapat, Andrew"]
[Black "Lee, Mau Seng"]
[Result "1-0"]
[WhiteElo "2069"]
[BlackElo "1488"]
[WhiteFideId "-1"]
[WhiteFideId "-1"]
[PlyCount "47"]
[GameId "2160767908347100"]
[EventDate "2017.09.02"]
[EventType "swiss"]
[EventRounds "6"]
[EventCountry "CAN"]
[SourceTitle "EXT 2022"]
[Source "ChessBase"]
[SourceDate "2021.10.06"]
[SourceVersion "1"]
[SourceVersionDate "2021.10.06"]
[SourceQuality "1"]

1. e4 Nc6 2. Nf3 f5 3. exf5 d5 4. d4 Bxf5 5. Bb5 Qd6 6. Ne5 a6 7. Bxc6+ bxc6 8. b3 Nf6 9. Ba3 Qe6 10. O-O Ng4 11. Re1 Nxe5 12. Rxe5 Qg6 13. Nc3 e6 14. Bxf8 Rxf8 15. Qe2 Kd7 16. f3 Rf6 17. Na4 h5 18. c4 Raf8 19. cxd5 exd5 20. Nc5+ Kd8 21. Re1 Bc8 22. Rxd5+ Bd7 23. Rxd7+ Kc8 24. Qxa6+ 1-0

[Event "Langley op"]
[Site "Langley CAN"]
[Date "2017.09.03"]
[Round "4.8"]
[White "Leblanc, Paul"]
[Black "Singh, Gurbaz"]
[Result "0-1"]
[WhiteElo "1872"]
[BlackElo "1341"]
[WhiteFideId "-1"]
[WhiteFideId "-1"]
[PlyCount "50"]
[GameId "2160767908347101"]
[EventDate "2017.09.02"]
[EventType "swiss"]
[EventRounds "6"]
[EventCountry "CAN"]
[SourceTitle "EXT 2022"]
[Source "ChessBase"]
[SourceDate "2021.10.06"]
[SourceVersion "1"]
[SourceVersionDate "2021.10.06"]
[SourceQuality "1"]

1. d4 Nf6 2. c4 g6 3. Nf3 Bg7 4. Nc3 d6 5. e4 O-O 6. Be2 e5 7. O-O Nc6 8. d5 Ne7 9. Ne1 Ne8 10. Nd3 f5 11. f3 f4 12. b4 g5 13. Bb2 Ng6 14. Rc1 Nf6 15. c5 h5 16. Nf2 h4 17. cxd6 cxd6 18. Nb5 Rf7 19. Qc2 Nh5 20. Nc7 Rb8 21. b5 Bf8 22. Ba3 Ng3 23. hxg3 hxg3 24. Nd3 g4 25. Nxf4 Nxf4 0-1

[Event "Langley op"]
[Site "Langley CAN"]
[Date "2017.09.03"]
[Round "4.9"]
[White "Briner, Julius"]
[Black "Landingin, Jofrei"]
[Result "0-1"]
[WhiteElo "1403"]
[BlackElo "1816"]
[WhiteFideId "-1"]
[WhiteFideId "-1"]
[PlyCount "58"]
[GameId "2160767908347102"]
[EventDate "2017.09.02"]
[EventType "swiss"]
[EventRounds "6"]
[EventCountry "CAN"]
[SourceTitle "EXT 2022"]
[Source "ChessBase"]
[SourceDate "2021.10.06"]
[SourceVersion "1"]
[SourceVersionDate "2021.10.06"]
[SourceQuality "1"]

1. e4 Nf6 2. Nc3 e6 3. d4 Bb4 4. Bd2 Bxc3 5. Bxc3 Nxe4 6. Nf3 d5 7. g3 b6 8. Bg2 Ba6 9. Ne5 Nxc3 10. bxc3 O-O 11. Qg4 Nd7 12. Nd3 Qe7 13. a4 c5 14. O-O cxd4 15. cxd4 Rac8 16. Ra2 Rc3 17. Rd1 Bxd3 18. Rxd3 Rfc8 19. Rd2 Nf6 20. Qf4 Qb4 21. Ra1 h6 22. Bf1 Ne4 23. Rdd1 Rxc2 24. Bd3 Rxf2 25. Qh4 Qxd4 26. Kh1 Rd2 27. Rxd2 Qxa1+ 28. Kg2 Nxd2 29. Qf4 Ne4 0-1

[Event "Langley op"]
[Site "Langley CAN"]
[Date "2017.09.03"]
[Round "4.10"]
[White "Gu, Chuyang"]
[Black "Gu, Stephanie"]
[Result "1-0"]
[WhiteElo "1735"]
[BlackElo "1287"]
[WhiteFideId "-1"]
[WhiteFideId "-1"]
[PlyCount "81"]
[GameId "2160767908347103"]
[EventDate "2017.09.02"]
[EventType "swiss"]
[EventRounds "6"]
[EventCountry "CAN"]
[SourceTitle "EXT 2022"]
[Source "ChessBase"]
[SourceDate "2021.10.06"]
[SourceVersion "1"]
[SourceVersionDate "2021.10.06"]
[SourceQuality "1"]

1. e4 c5 2. Nf3 e6 3. d4 cxd4 4. Nxd4 a6 5. Bd3 Bc5 6. Nb3 Be7 7. O-O d6 8. Nc3 Nf6 9. Be3 O-O 10. Qe2 Qc7 11. f3 Nbd7 12. a4 b6 13. Qf2 Bb7 14. Kh1 d5 15. exd5 Nxd5 16. Nxd5 Bxd5 17. Rac1 Rac8 18. Bxa6 Ra8 19. Bb5 Bc6 20. c4 Qb7 21. Ra1 Bxb5 22. axb5 Rac8 23. Rfc1 Rfd8 24. f4 Bf8 25. Nd4 Ra8 26. Nc6 Rdc8 27. Qf3 Kh8 28. Bd4 Nb8 29. Nxb8 Qxf3 30. gxf3 Raxb8 31. Ra6 Bc5 32. Bxc5 bxc5 33. Rca1 Kg8 34. Rd6 Rc7 35. Raa6 Rbc8 36. Rac6 Kf8 37. Rd8+ Rxd8 38. Rxc7 Ke8 39. Rxc5 Kd7 40. b6 Rb8 41. Rc7+ 1-0

[Event "Langley op"]
[Site "Langley CAN"]
[Date "2017.09.03"]
[Round "4.11"]
[White "Wang, Jerry"]
[Black "Harris, Philip"]
[Result "1/2-1/2"]
[WhiteElo "1364"]
[BlackElo "1701"]
[WhiteFideId "-1"]
[WhiteFideId "-1"]
[PlyCount "92"]
[GameId "2160767908347104"]
[EventDate "2017.09.02"]
[EventType "swiss"]
[EventRounds "6"]
[EventCountry "CAN"]
[SourceTitle "EXT 2022"]
[Source "ChessBase"]
[SourceDate "2021.10.06"]
[SourceVersion "1"]
[SourceVersionDate "2021.10.06"]
[SourceQuality "1"]

1. e4 Nf6 2. e5 Nd5 3. c4 Nb6 4. d4 d6 5. exd6 exd6 6. Nc3 Be7 7. Nf3 Bg4 8. Be3 Nc6 9. h3 Bh5 10. Bd3 O-O 11. g4 Bg6 12. O-O f5 13. gxf5 Bxf5 14. Bxf5 Rxf5 15. d5 Ne5 16. Nxe5 Rxe5 17. Bxb6 axb6 18. Ne2 Qd7 19. Kg2 Rg5+ 20. Ng3 Bf6 21. Qc2 Qa4 22. Rfc1 Qb4 23. Qb3 Qc5 24. Rab1 Be5 25. Rf1 Rf8 26. Qc2 b5 27. b3 Bf4 28. h4 Rg6 29. Qd3 b4 30. Kh3 Bxg3 31. fxg3 Rf2 32. Qe4 Rgf6 33. Qe8+ Rf8 34. Qe6+ Kh8 35. Rxf2 Qxf2 36. Re1 Qxa2 37. Rf1 Qa8 38. Rf7 Rxf7 39. Qxf7 Qc8+ 40. g4 h6 41. Kg3 Qd8 42. h5 Qg5 43. Qe8+ Kh7 44. Qe4+ Kg8 45. Qe8+ Kh7 46. Qe4+ Kg8 1/2-1/2